[Event "56th Hull Congress"]
[Site "Hull"]
[Date "2019.11.01"]
[Round "1"]
[Board "6"]
[White "Storey, Charles H"]
[Black "Ther, Mate"]
[Result "1-0"]
[WhiteElo "2234"]
[BlackElo "2003"]
[PlyCount "0"]
[EventDate "2019.11.01"]
[EventRounds "5"]
[EventCountry "ENG"]

1. d4 {[%clk 01:30:53]} {[%emt 00:00:09]} Nf6 {[%clk 01:30:55]} {[%emt
00:00:02]} 2. c4 {[%clk 01:31:03]} {[%emt 00:00:24]} e6 {[%clk 01:31:21]} 3.
Nf3 {[%clk 01:31:28]} {[%emt 00:00:04]} c5 {[%clk 01:31:47]} {[%emt 00:00:04]}
4. d5 {[%clk 01:31:23]} {[%emt 00:00:37]} exd5 {[%clk 01:32:13]} {[%emt
00:00:04]} 5. cxd5 {[%clk 01:31:50]} {[%emt 00:00:06]} d6 {[%clk 01:32:37]}
{[%emt 00:00:03]} 6. Nc3 {[%clk 01:31:26]} {[%emt 00:00:54]} g6 {[%clk
01:33:02]} {[%emt 00:00:04]} 7. Bf4 {[%clk 01:29:30]} {[%emt 00:02:27]} a6
{[%clk 01:33:07]} {[%emt 00:00:25]} 8. a4 {[%clk 01:29:52]} {[%emt 00:00:08]}
Bg7 {[%clk 01:33:32]} {[%emt 00:00:05]} 9. h3 {[%clk 01:29:14]} {[%emt
00:01:08]} O-O {[%clk 01:33:53]} {[%emt 00:00:09]} 10. e3 {[%clk 01:29:41]}
{[%emt 00:00:03]} Re8 {[%clk 01:33:52]} {[%emt 00:00:32]} 11. Bd3 {[%clk
01:29:35]} {[%emt 00:00:33]} Qc7 {[%clk 01:34:11]} {[%emt 00:00:13]} 12. Nd2
{[%clk 01:25:11]} {[%emt 00:04:54]} Nbd7 {[%clk 01:29:22]} {[%emt 00:05:19]} 13.
Nc4 {[%clk 01:24:42]} {[%emt 00:01:00]} Ne5 {[%clk 01:29:37]} {[%emt 00:00:14]}
14. Nxe5 {[%clk 01:21:26]} {[%emt 00:03:45]} dxe5 {[%clk 01:29:59]} {[%emt
00:00:07]} 15. Bh2 {[%clk 01:21:41]} {[%emt 00:00:15]} Rd8 {[%clk 01:12:51]}
{[%emt 00:17:38]} 16. e4 {[%clk 01:21:37]} {[%emt 00:00:34]} Ne8 {[%clk
01:11:50]} {[%emt 00:01:32]} 17. O-O {[%clk 01:21:01]} {[%emt 00:01:06]} Nd6
{[%clk 01:11:20]} {[%emt 00:01:00]} 18. Kh1 {[%clk 01:19:26]} {[%emt 00:02:04]}
Qe7 {[%clk 01:08:34]} {[%emt 00:03:18]} 19. a5 {[%clk 01:18:21]} {[%emt
00:01:34]} Bd7 {[%clk 01:06:37]} {[%emt 00:02:26]} 20. Qe2 {[%clk 01:18:18]}
{[%emt 00:00:33]} Rac8 {[%clk 01:06:48]} {[%emt 00:00:19]} 21. b3 {[%clk
01:18:30]} {[%emt 00:00:19]} f5 {[%clk 01:04:24]} {[%emt 00:02:58]} 22. f3
{[%clk 01:18:27]} {[%emt 00:00:28]} f4 {[%clk 01:02:39]} {[%emt 00:02:15]} 23.
Rfc1 {[%clk 01:14:39]} {[%emt 00:04:17]} Bf8 {[%clk 00:59:43]} {[%emt
00:03:27]} 24. Ra2 {[%clk 01:12:28]} {[%emt 00:02:41]} Re8 {[%clk 00:59:41]}
{[%emt 00:00:32]} 25. Na4 {[%clk 01:06:20]} {[%emt 00:06:38]} Bxa4 {[%clk
00:54:09]} {[%emt 00:06:01]} 26. Rxa4 {[%clk 01:06:36]} {[%emt 00:00:15]} Qd7
{[%clk 00:54:28]} {[%emt 00:00:11]} 27. Bc4 {[%clk 00:58:28]} {[%emt 00:08:38]}
Nb5 {[%clk 00:54:00]} {[%emt 00:00:58]} 28. Bg1 {[%clk 00:56:45]} {[%emt
00:02:14]} Nd4 {[%clk 00:53:56]} {[%emt 00:00:32]} 29. Qd1 {[%clk 00:55:53]}
{[%emt 00:01:24]} Bd6 {[%clk 00:51:48]} {[%emt 00:02:38]} 30. Bf1 {[%clk
00:54:58]} {[%emt 00:01:24]} h5 {[%clk 00:51:17]} {[%emt 00:01:01]} 31. Rac4
{[%clk 00:52:05]} {[%emt 00:03:24]} Rb8 {[%clk 00:46:34]} {[%emt 00:05:11]} 32.
R4c3 {[%clk 00:50:27]} {[%emt 00:02:09]} Qd8 {[%clk 00:46:19]} {[%emt
00:00:45]} 33. Rxc5 {[%clk 00:47:48]} {[%emt 00:03:10]} Bxc5 {[%clk 00:45:28]}
{[%emt 00:01:21]} 34. Rxc5 {[%clk 00:48:14]} {[%emt 00:00:05]} Nc6 {[%clk
00:30:47]} {[%emt 00:15:11]} 35. Qa1 {[%clk 00:44:38]} {[%emt 00:04:05]} Na7
{[%clk 00:30:40]} {[%emt 00:00:39]} 36. Qa4 {[%clk 00:35:11]} {[%emt 00:09:56]}
Nc8 {[%clk 00:25:55]} {[%emt 00:05:15]} 37. Rc2 {[%clk 00:34:07]} {[%emt
00:01:33]} Kh8 {[%clk 00:24:14]} {[%emt 00:02:10]} 38. Qb4 {[%clk 00:31:07]}
{[%emt 00:03:32]} Qf6 {[%clk 00:18:28]} {[%emt 00:06:15]} 39. Rc7 {[%clk
00:23:58]} {[%emt 00:07:38]} Qd6 {[%clk 00:16:11]} {[%emt 00:02:46]} 40. Qc3
{[%clk 00:20:29]} {[%emt 00:04:01]} Ne7 {[%clk 00:15:53]} {[%emt 00:00:48]} 41.
Rc4 {[%clk 00:16:04]} {[%emt 00:04:56]} Kh7 {[%clk 00:12:25]} {[%emt 00:03:59]}
42. Bc5 {[%clk 00:15:48]} {[%emt 00:00:45]} Qf6 {[%clk 00:12:32]} {[%emt
00:00:23]} 43. Qb4 {[%clk 00:14:23]} {[%emt 00:01:55]} Nc8 {[%clk 00:09:57]}
{[%emt 00:03:05]} 44. Rc2 {[%clk 00:13:26]} {[%emt 00:01:28]} Rd8 {[%clk
00:08:47]} {[%emt 00:01:40]} 45. Bf2 {[%clk 00:10:12]} {[%emt 00:03:42]} Kh6
{[%clk 00:06:24]} {[%emt 00:02:53]} 46. Rc7 {[%clk 00:07:44]} {[%emt 00:02:58]}
Qd6 {[%clk 00:06:16]} {[%emt 00:00:39]} 47. Qc3 {[%clk 00:07:56]} {[%emt
00:00:18]} Ne7 {[%clk 00:05:46]} {[%emt 00:01:00]} 48. Rc4 {[%clk 00:07:46]}
{[%emt 00:00:39]} Kh7 {[%clk 00:05:54]} {[%emt 00:00:23]} 49. Bc5 {[%clk
00:07:18]} {[%emt 00:00:57]} Qf6 {[%clk 00:06:15]} {[%emt 00:00:10]} 50. Bxe7
{[%clk 00:06:34]} {[%emt 00:01:15]} Qxe7 {[%clk 00:06:37]} {[%emt 00:00:08]} 51.
Rc7 {[%clk 00:06:52]} {[%emt 00:00:12]} Rd7 {[%clk 00:07:04]} {[%emt 00:00:04]}
52. Rxd7 {[%clk 00:07:12]} {[%emt 00:00:09]} Qxd7 {[%clk 00:07:29]} {[%emt
00:00:05]} 53. Qxe5 {[%clk 00:07:37]} {[%emt 00:00:05]} Rf8 {[%clk 00:07:35]}
{[%emt 00:00:23]} 54. Bc4 {[%clk 00:06:33]} {[%emt 00:01:35]} Qd8 {[%clk
00:04:46]} {[%emt 00:03:20]} 55. Qc3 {[%clk 00:04:57]} {[%emt 00:02:06]} g5
{[%clk 00:04:14]} {[%emt 00:01:02]} 56. e5 {[%clk 00:04:56]} {[%emt 00:00:30]}
g4 {[%clk 00:04:11]} {[%emt 00:00:34]} 57. fxg4 {[%clk 00:03:40]} {[%emt
00:01:45]} Qh4 {[%clk 00:03:06]} {[%emt 00:01:36]} 58. Be2 {[%clk 00:02:58]}
{[%emt 00:01:11]} hxg4 {[%clk 00:00:32]} {[%emt 00:03:05]} 59. Bxg4 {[%clk
00:03:17]} {[%emt 00:00:09]} Qf2 {[%clk 00:00:33]} {[%emt 00:00:31]} 60. d6
{[%clk 00:02:15]} {[%emt 00:01:31]} f3 {[%clk 00:00:37]} {[%emt 00:00:26]} 61.
Bxf3 {[%clk 00:02:18]} {[%emt 00:00:29]}  1-0

[Event "56th Hull Congress"]
[Site "Hull"]
[Date "2019.11.01"]
[Round "1"]
[Board "7"]
[White "Staples, Daniel J"]
[Black "Richardson, John R"]
[Result "0-1"]
[WhiteElo "1983"]
[BlackElo "2225"]
[PlyCount "0"]
[EventDate "2019.11.01"]
[EventRounds "5"]
[EventCountry "ENG"]

1. d4 {[%clk 01:30:57]} {[%emt 00:00:01]} Nf6 {[%clk 01:30:56]} {[%emt
00:00:07]} 2. Nf3 {[%clk 01:31:15]} {[%emt 00:00:11]} e6 {[%clk 01:31:21]}
{[%emt 00:00:07]} 3. e3 {[%clk 01:31:36]} {[%emt 00:00:09]} b6 {[%clk
01:31:45]} {[%emt 00:00:03]} 4. Bd3 {[%clk 01:31:57]} {[%emt 00:00:09]} Bb7
{[%clk 01:32:13]} {[%emt 00:00:06]} 5. Nbd2 {[%clk 01:31:50]} {[%emt 00:00:36]}
d5 {[%clk 01:32:39]} 6. Ne5 {[%clk 01:31:27]} {[%emt 00:00:53]} Be7 {[%clk
01:29:51]} {[%emt 00:03:19]} 7. O-O {[%clk 01:31:40]} {[%emt 00:00:16]} O-O
{[%clk 01:30:17]} {[%emt 00:00:04]} 8. f4 {[%clk 01:20:10]} {[%emt 00:12:00]}
c5 {[%clk 01:28:52]} {[%emt 00:01:54]} 9. c3 {[%clk 01:20:28]} {[%emt
00:00:13]} Ne4 {[%clk 01:21:07]} {[%emt 00:08:14]} 10. Qg4 {[%clk 01:07:54]}
{[%emt 00:13:05]} f5 {[%clk 01:20:50]} {[%emt 00:00:48]} 11. Qh5 {[%clk
01:03:31]} {[%emt 00:04:52]} Nd7 {[%clk 01:13:45]} {[%emt 00:07:35]} 12. Nxe4
{[%clk 00:59:32]} {[%emt 00:04:28]} dxe4 {[%clk 01:06:41]} {[%emt 00:07:34]} 13.
Nxd7 {[%clk 00:39:59]} {[%emt 00:20:02]} Qxd7 {[%clk 01:07:07]} {[%emt
00:00:05]} 14. Bc4 {[%clk 00:40:07]} {[%emt 00:00:22]} b5 {[%clk 01:00:49]}
{[%emt 00:06:48]} 15. Bb3 {[%clk 00:39:34]} {[%emt 00:01:03]} c4 {[%clk
01:01:13]} {[%emt 00:00:06]} 16. Bc2 {[%clk 00:39:45]} {[%emt 00:00:19]} a5
{[%clk 01:00:37]} {[%emt 00:01:06]} 17. Bd2 {[%clk 00:34:47]} {[%emt 00:05:28]}
Bd5 {[%clk 00:59:34]} {[%emt 00:01:33]} 18. Qe2 {[%clk 00:30:28]} {[%emt
00:04:49]} b4 {[%clk 00:54:59]} {[%emt 00:05:06]} 19. Bd1 {[%clk 00:24:44]}
{[%emt 00:06:13]} Rab8 {[%clk 00:45:40]} {[%emt 00:09:49]} 20. Qe1 {[%clk
00:24:52]} {[%emt 00:00:22]} Kh8 {[%clk 00:41:03]} {[%emt 00:05:06]} 21. h4
{[%clk 00:23:14]} {[%emt 00:02:09]} Qb5 {[%clk 00:36:52]} {[%emt 00:04:42]} 22.
g3 {[%clk 00:21:39]} {[%emt 00:02:05]} a4 {[%clk 00:35:36]} {[%emt 00:01:46]}
23. cxb4 {[%clk 00:12:19]} {[%emt 00:09:50]} Bxb4 {[%clk 00:35:32]} {[%emt
00:00:34]} 24. Bxb4 {[%clk 00:12:31]} {[%emt 00:00:18]} Qxb4 {[%clk 00:36:00]}
{[%emt 00:00:02]} 25. Qxb4 {[%emt 00:00:08]} Rxb4 26. Rf2 {[%clk 00:12:37]}
{[%emt 00:00:15]} Rfb8 {[%clk 00:35:16]} {[%emt 00:01:13]} 27. a3 {[%clk
00:07:46]} {[%emt 00:05:23]} Rxb2 {[%clk 00:35:36]} {[%emt 00:00:09]} 28. Bxa4
{[%clk 00:08:13]} {[%emt 00:00:03]} Rxf2 {[%clk 00:33:08]} {[%emt 00:02:57]} 29.
Kxf2 {[%clk 00:08:38]} {[%emt 00:00:05]} Rb2+ {[%clk 00:33:36]} {[%emt
00:00:02]} 30. Kf1 {[%clk 00:08:45]} {[%emt 00:00:23]} Rh2 {[%clk 00:33:07]}
{[%emt 00:00:58]} 31. Bd1 {[%clk 00:09:06]} {[%emt 00:00:09]} g6 {[%clk
00:29:11]} {[%emt 00:04:26]} 32. a4 {[%clk 00:08:14]} {[%emt 00:01:23]} c3
{[%clk 00:20:05]} {[%emt 00:09:35]} 33. Rc1 {[%clk 00:08:42]} {[%emt 00:00:03]}
Bc4+ {[%clk 00:20:32]} {[%emt 00:00:03]} 34. Kg1 {[%clk 00:09:01]} {[%emt
00:00:10]} Rd2 {[%clk 00:20:46]} {[%emt 00:00:16]} 35. h5 {[%clk 00:08:15]}
{[%emt 00:01:17]} Kg7 {[%clk 00:18:57]} {[%emt 00:02:19]} 36. hxg6 {[%clk
00:08:08]} {[%emt 00:00:37]} hxg6 {[%clk 00:19:23]} {[%emt 00:00:04]}  0-1

[Event "56th Hull Congress"]
[Site "Hull"]
[Date "2019.11.01"]
[Round "1"]
[Board "8"]
[White "Bossy, Arnim"]
[Black "Merriman, James"]
[Result "0-1"]
[WhiteElo "2190"]
[BlackElo "1891"]
[PlyCount "0"]
[EventDate "2019.11.01"]
[EventRounds "5"]
[EventCountry "ENG"]

1. d4 {[%clk 01:30:59]} Nf6 {[%clk 01:30:46]} {[%emt 00:00:18]} 2. Bf4 {[%clk
01:31:27]} e6 {[%clk 01:31:05]} {[%emt 00:00:10]} 3. e3 {[%clk 01:31:54]}
{[%emt 00:00:08]} c5 {[%clk 01:31:30]} {[%emt 00:00:02]} 4. Nf3 {[%clk
01:32:11]} {[%emt 00:00:16]} Nc6 {[%clk 01:31:39]} {[%emt 00:00:17]} 5. Nc3
{[%clk 01:32:14]} {[%emt 00:00:28]} cxd4 {[%clk 01:29:55]} {[%emt 00:02:13]} 6.
exd4 {[%clk 01:31:36]} {[%emt 00:01:06]} Bb4 {[%clk 01:29:14]} {[%emt
00:01:13]} 7. Bd3 {[%clk 01:29:34]} {[%emt 00:02:31]} Nd5 {[%clk 01:28:07]}
{[%emt 00:01:36]} 8. Bd2 {[%clk 01:29:39]} {[%emt 00:00:26]} Nxc3 {[%clk
01:27:56]} {[%emt 00:00:40]} 9. bxc3 {[%clk 01:30:07]} {[%emt 00:00:03]} Be7
{[%clk 01:28:14]} {[%emt 00:00:12]} 10. h4 {[%clk 01:26:05]} {[%emt 00:04:32]}
d5 {[%clk 01:25:49]} {[%emt 00:02:55]} 11. Qe2 {[%clk 01:20:33]} {[%emt
00:06:02]} h6 {[%clk 01:22:06]} {[%emt 00:04:12]} 12. h5 {[%clk 01:15:48]}
{[%emt 00:05:16]} Bd7 {[%clk 01:20:22]} {[%emt 00:02:12]} 13. O-O {[%clk
01:05:09]} {[%emt 00:11:10]} O-O {[%clk 01:17:12]} {[%emt 00:03:39]} 14. Rae1
{[%clk 00:57:30]} {[%emt 00:08:10]} Bf6 {[%clk 01:12:19]} {[%emt 00:05:21]} 15.
Ne5 {[%clk 00:55:15]} {[%emt 00:02:48]} Rc8 {[%clk 01:08:17]} {[%emt 00:04:26]}
16. Qg4 {[%clk 00:51:12]} {[%emt 00:04:39]} Nxe5 {[%clk 01:05:47]} {[%emt
00:02:59]} 17. dxe5 {[%clk 00:51:40]} {[%emt 00:00:03]} Bg5 {[%clk 01:05:50]}
{[%emt 00:00:25]} 18. f4 {[%clk 00:50:43]} {[%emt 00:01:28]} Be7 {[%clk
01:05:10]} {[%emt 00:01:10]} 19. f5 {[%clk 00:33:39]} {[%emt 00:17:34]} exf5
{[%clk 01:03:49]} {[%emt 00:01:52]} 20. Rxf5 {[%clk 00:23:11]} Qb6+ {[%clk
00:57:29]} {[%emt 00:17:46]} 21. Kh1 {[%clk 00:20:36]} {[%emt 00:03:06]} Bxf5
{[%clk 00:54:30]} {[%emt 00:03:29]} 22. Qxf5 {[%clk 00:20:55]} {[%emt
00:00:11]} g6 {[%clk 00:53:21]} {[%emt 00:01:39]} 23. Qg4 {[%clk 00:20:30]}
{[%emt 00:00:54]} Qf2 {[%clk 00:50:28]} {[%emt 00:03:23]} 24. hxg6 {[%clk
00:14:14]} {[%emt 00:06:46]} Qxd2 {[%clk 00:41:39]} {[%emt 00:09:19]} 25. gxf7+
{[%clk 00:14:25]} {[%emt 00:00:20]} Kh8 {[%clk 00:41:53]} {[%emt 00:00:14]} 26.
Qf5 {[%clk 00:05:26]} {[%emt 00:09:31]} Qxe1+ {[%clk 00:42:03]} {[%emt
00:00:21]}  0-1

[Event "56th Hull Congress"]
[Site "Hull"]
[Date "2019.11.01"]
[Round "1"]
[Board "9"]
[White "Patrick, David A"]
[Black "Han, Yichen"]
[Result "0-1"]
[WhiteElo "1880"]
[BlackElo "2191"]
[PlyCount "0"]
[EventDate "2019.11.01"]
[EventRounds "5"]
[EventCountry "ENG"]

1. e4 {[%emt 00:20:35]} e5 {[%emt 00:00:43]} 2. Nf3 {[%emt 00:00:09]} Nc6
{[%emt 00:00:04]} 3. Bb5 {[%emt 00:00:35]} a6 {[%emt 00:00:14]} 4. Bxc6 {[%emt
00:00:07]} dxc6 {[%emt 00:00:08]} 5. O-O {[%emt 00:00:09]} Bg4 {[%emt
00:00:51]} 6. d3 {[%emt 00:01:18]} Qf6 {[%emt 00:01:25]} 7. Be3 {[%emt
00:03:34]} Ne7 {[%emt 00:04:13]} 8. Nbd2 {[%emt 00:02:29]} h6 {[%emt 00:06:50]}
9. Qe1 {[%emt 00:06:52]} O-O-O {[%emt 00:02:09]} 10. h3 {[%emt 00:09:35]} Be6
{[%emt 00:00:30]} 11. Nh2 {[%emt 00:04:19]} g5 {[%emt 00:02:01]} 12. Nc4 {[%emt
00:05:14]} h5 {[%emt 00:09:12]} 13. Qc3 {[%emt 00:07:38]} Bg7 {[%emt 00:08:41]}
14. Na5 {[%emt 00:02:22]} g4 {[%emt 00:05:01]} 15. Qb4 {[%emt 00:01:21]} gxh3
{[%emt 00:04:32]} 16. g3 {[%emt 00:03:44]} h4 {[%emt 00:09:59]} 17. Bc5 {[%emt
00:05:31]} Qg6 {[%emt 00:07:39]} 18. Kh1 {[%emt 00:00:35]} b6 {[%emt 00:04:22]}
19. Bxe7 {[%emt 00:05:02]} bxa5 {[%emt 00:00:07]} 20. Qxa5 {[%emt 00:00:11]}
Rde8 {[%emt 00:00:55]} 21. Bc5 {[%emt 00:05:34]} f5 {[%emt 00:04:19]} 22. Rg1
{[%emt 00:03:06]} Qh5 {[%emt 00:07:04]} 23. Qa4 {[%emt 00:05:09]} Kd7 {[%emt
00:09:00]} 24. Rae1 {[%emt 00:02:27]} Rhg8 {[%emt 00:02:32]} 25. b4 {[%emt
00:07:27]} hxg3 {[%emt 00:00:52]} 26. Rxg3 {[%emt 00:00:23]} Bh6 {[%emt
00:00:56]} 27. Reg1 {[%emt 00:05:24]} f4 {[%emt 00:01:51]} 28. Rxg8 {[%emt
00:03:12]} Rxg8 {[%emt 00:00:10]} 29. Rxg8 {[%emt 00:00:48]} Bxg8 {[%emt
00:00:09]} 30. f3 {[%emt 00:00:33]} Qh4 {[%emt 00:01:05]} 31. Ng4 {[%emt
00:02:08]} Qe1+ {[%emt 00:02:06]} 32. Bg1 {[%emt 00:01:58]} Bg7 {[%emt
00:01:11]} 33. Qxa6 {[%clk 00:03:39]} {[%emt 00:02:20]} Qg3 {[%clk 00:06:35]}
 0-1

[Event "56th Hull Congress"]
[Site "Hull"]
[Date "2019.11.01"]
[Round "1"]
[Board "10"]
[White "Merriman, John"]
[Black "Ilett, Raymond J"]
[Result "1-0"]
[WhiteElo "2201"]
[BlackElo "1857"]
[PlyCount "0"]
[EventDate "2019.11.01"]
[EventRounds "5"]
[EventCountry "ENG"]

1. d4 {[%clk 01:30:30]} {[%emt 00:15:31]} Nf6 {[%clk 01:30:30]} {[%emt
00:01:25]} 2. c4 {[%clk 01:30:30]} {[%emt 00:00:06]} b6 {[%clk 01:30:40]}
{[%emt 00:01:03]} 3. Nc3 {[%clk 01:30:28]} {[%emt 00:00:32]} Bb7 {[%clk
01:31:04]} {[%emt 00:00:07]} 4. f3 {[%clk 01:24:24]} {[%emt 00:06:33]} e6
{[%clk 01:29:00]} {[%emt 00:02:34]} 5. Bg5 {[%clk 01:16:58]} {[%emt 00:07:56]}
h6 {[%clk 01:27:14]} {[%emt 00:02:16]} 6. Bh4 {[%clk 01:17:07]} {[%emt
00:00:20]} d5 {[%clk 01:23:09]} {[%emt 00:04:36]} 7. e3 {[%clk 01:16:56]}
{[%emt 00:00:42]} Be7 {[%clk 01:13:53]} {[%emt 00:09:46]} 8. Bd3 {[%clk
01:12:23]} {[%emt 00:05:03]} Nc6 {[%clk 01:06:40]} {[%emt 00:07:42]} 9. Nge2
{[%clk 01:11:36]} {[%emt 00:01:17]} O-O {[%clk 01:05:49]} {[%emt 00:01:22]} 10.
cxd5 {[%clk 01:07:00]} {[%emt 00:05:06]} Nxd5 {[%clk 01:00:40]} {[%emt
00:05:38]} 11. Bf2 {[%clk 01:06:54]} {[%emt 00:00:35]} Ncb4 {[%clk 00:54:04]}
{[%emt 00:07:07]} 12. Bb1 {[%clk 01:05:03]} {[%emt 00:02:21]} c5 {[%clk
00:46:58]} {[%emt 00:07:37]} 13. O-O {[%clk 00:59:00]} {[%emt 00:06:33]} cxd4
{[%clk 00:44:40]} {[%emt 00:02:48]} 14. exd4 {[%clk 00:59:08]} {[%emt
00:00:21]} Nf6 {[%clk 00:42:24]} {[%emt 00:02:47]} 15. a3 {[%clk 00:54:17]}
{[%emt 00:05:22]} Nbd5 {[%clk 00:42:45]} {[%emt 00:00:08]} 16. Ne4 {[%clk
00:54:05]} {[%emt 00:00:40]} Qd7 {[%clk 00:42:05]} {[%emt 00:01:10]} 17. Qd3
{[%clk 00:48:52]} {[%emt 00:05:45]} a5 {[%clk 00:34:19]} {[%emt 00:08:16]} 18.
Nxf6+ {[%clk 00:41:39]} {[%emt 00:07:43]} Nxf6 {[%clk 00:34:15]} {[%emt
00:00:33]} 19. Rd1 {[%clk 00:41:52]} {[%emt 00:00:16]} Rfd8 {[%clk 00:17:41]}
{[%emt 00:17:06]} 20. Nc3 {[%clk 00:41:35]} {[%emt 00:00:46]} Ba6 {[%clk
00:16:48]} {[%emt 00:01:24]} 21. Qd2 {[%clk 00:40:14]} {[%emt 00:01:50]} Rac8
{[%clk 00:15:34]} {[%emt 00:01:45]} 22. Qe1 {[%clk 00:33:47]} {[%emt 00:06:56]}
Qc7 {[%clk 00:05:39]} {[%emt 00:10:26]} 23. Ne4 {[%clk 00:30:48]} {[%emt
00:03:27]} Nd5 {[%clk 00:05:34]} {[%emt 00:00:37]} 24. Ng3 {[%clk 00:26:45]}
{[%emt 00:04:32]} Qd7 {[%clk 00:05:05]} {[%emt 00:01:00]} 25. Ne4 {[%clk
00:18:38]} {[%emt 00:08:37]} Qc7 {[%clk 00:03:26]} {[%emt 00:02:10]} 26. h4
{[%clk 00:13:57]} {[%emt 00:05:11]} Qd7 {[%clk 00:03:23]} {[%emt 00:00:33]} 27.
Qd2 {[%clk 00:13:06]} {[%emt 00:01:20]} f5 {[%clk 00:03:33]} {[%emt 00:00:20]}
28. Nc3 {[%clk 00:13:00]} {[%emt 00:00:36]} Bb7 {[%clk 00:03:57]} {[%emt
00:00:07]} 29. Re1 {[%clk 00:10:39]} {[%emt 00:02:50]} Bd6 {[%clk 00:04:06]}
{[%emt 00:00:21]} 30. Ba2 {[%clk 00:10:04]} {[%emt 00:01:05]} Bb8 {[%clk
00:04:12]} {[%emt 00:00:25]} 31. Ne2 {[%clk 00:08:54]} {[%emt 00:01:39]} Qc7
{[%clk 00:02:18]} {[%emt 00:02:25]} 32. Bg3 {[%clk 00:08:14]} {[%emt 00:01:08]}
Qc2 {[%clk 00:02:32]} {[%emt 00:00:17]} 33. Rad1 {[%clk 00:08:16]} {[%emt
00:00:28]} Bxg3 {[%clk 00:02:49]} {[%emt 00:00:12]} 34. Nxg3 {[%clk 00:08:40]}
{[%emt 00:00:07]} Qxd2 {[%clk 00:03:05]} {[%emt 00:00:14]} 35. Rxd2 {[%clk
00:09:04]} {[%emt 00:00:06]} Kf7 {[%clk 00:03:27]} {[%emt 00:00:08]} 36. Re5
{[%clk 00:06:47]} {[%emt 00:02:47]} Rd6 {[%clk 00:03:21]} {[%emt 00:00:36]} 37.
Kf2 {[%clk 00:06:10]} {[%emt 00:01:08]} Nf4 {[%clk 00:03:03]} {[%emt 00:00:48]}
38. Rxf5+ {[%clk 00:06:23]} {[%emt 00:00:17]}  1-0